<?xml version="1.0" encoding="UTF-8"?>
<record
    xmlns:xsi="http://www.w3.org/2001/XMLSchema-instance"
    xsi:schemaLocation="http://www.loc.gov/MARC21/slim http://www.loc.gov/standards/marcxml/schema/MARC21slim.xsd"
    xmlns="http://www.loc.gov/MARC21/slim">

  <leader>01482nam a22002897a 4500</leader>
  <controlfield tag="008">160125b        xxu||||| |||| 00| 0 eng d</controlfield>
  <datafield tag="020" ind1=" " ind2=" ">
    <subfield code="a">9789962897439</subfield>
  </datafield>
  <datafield tag="082" ind1=" " ind2=" ">
    <subfield code="b">V831v</subfield>
    <subfield code="a">707</subfield>
  </datafield>
  <datafield tag="100" ind1=" " ind2=" ">
    <subfield code="a">V&#xE9;lez, Humberto</subfield>
    <subfield code="9">3749</subfield>
  </datafield>
  <datafield tag="245" ind1=" " ind2=" ">
    <subfield code="a">Visiting Minds 2013 : Pedagog&#xED;a radical: El arte como educaci&#xF3;n </subfield>
    <subfield code="b">Radical Pedagogy: Arts as Education</subfield>
  </datafield>
  <datafield tag="260" ind1=" " ind2=" ">
    <subfield code="a">Panam&#xE1; :</subfield>
    <subfield code="b">Sarigua, </subfield>
    <subfield code="c">2015</subfield>
  </datafield>
  <datafield tag="300" ind1=" " ind2=" ">
    <subfield code="a">272 p.</subfield>
    <subfield code="b">ill.(some col.)</subfield>
    <subfield code="c">26 cm.</subfield>
  </datafield>
  <datafield tag="505" ind1=" " ind2=" ">
    <subfield code="t">Visiting Minds 2013: Rese&#xF1;as = Visiting Minds 2013: Reviews // Orlando Britto, Luis Camnitzer, Emelie Chhangur, Gerardo Mosquera, Margot L&#xF3;pez</subfield>
    <subfield code="t">Arte y Pedagog&#xED;a = Art and Pedagogy // Luis Camnitzer</subfield>
    <subfield code="t">Pedagog&#xED;a radical: los di&#xE1;logos = Radical pedagogy: The Dialogues </subfield>
    <subfield code="t">El arte en tiempos h&#xED;bridos = Art in Hybrid Times // Gerardo Mosquera</subfield>
    <subfield code="t">Miss Education (una conversaci&#xF3;n digit@l) = Miss Education (@ digital conversation) // Jeniffer Brown, Luis Camnitzer, Yomasty Hazlewood, Alfons Hug, Gerardo Mosquera, Adrienne Samos, Humberto V&#xE9;lez</subfield>
  </datafield>
  <datafield tag="650" ind1=" " ind2=" ">
    <subfield code="a">Arte</subfield>
    <subfield code="x">Pedagog&#xED;a</subfield>
    <subfield code="9">4531</subfield>
  </datafield>
  <datafield tag="650" ind1=" " ind2=" ">
    <subfield code="a">Arte Moderno</subfield>
    <subfield code="9">145</subfield>
  </datafield>
  <datafield tag="650" ind1=" " ind2=" ">
    <subfield code="a">Educaci&#xF3;n</subfield>
    <subfield code="9">4532</subfield>
  </datafield>
  <datafield tag="650" ind1=" " ind2=" ">
    <subfield code="a">Foro Internacional visiting minds 2013</subfield>
    <subfield code="9">4533</subfield>
  </datafield>
  <datafield tag="700" ind1=" " ind2=" ">
    <subfield code="a">Britto, Orlando</subfield>
    <subfield code="9">4534</subfield>
  </datafield>
  <datafield tag="700" ind1=" " ind2=" ">
    <subfield code="a">Camnitzer, Luis</subfield>
    <subfield code="9">4535</subfield>
  </datafield>
  <datafield tag="700" ind1=" " ind2=" ">
    <subfield code="a">Chhangur, Emelie</subfield>
    <subfield code="9">2928</subfield>
  </datafield>
  <datafield tag="700" ind1=" " ind2=" ">
    <subfield code="a">Mosquera, Gerardo</subfield>
    <subfield code="9">1487</subfield>
  </datafield>
  <datafield tag="700" ind1=" " ind2=" ">
    <subfield code="a">L&#xF3;pez, Margot</subfield>
    <subfield code="9">4536</subfield>
  </datafield>
  <datafield tag="700" ind1=" " ind2=" ">
    <subfield code="a">Brown, Jeniffer</subfield>
    <subfield code="9">4537</subfield>
  </datafield>
  <datafield tag="700" ind1=" " ind2=" ">
    <subfield code="a">Hazlewood, Yomasty</subfield>
    <subfield code="9">4538</subfield>
  </datafield>
  <datafield tag="700" ind1=" " ind2=" ">
    <subfield code="a">Hug, Alfons</subfield>
    <subfield code="9">4539</subfield>
  </datafield>
  <datafield tag="700" ind1=" " ind2=" ">
    <subfield code="a">Samos, Adrienne</subfield>
    <subfield code="9">3397</subfield>
  </datafield>
  <datafield tag="999" ind1=" " ind2=" ">
    <subfield code="c">831</subfield>
    <subfield code="d">831</subfield>
  </datafield>
  <datafield tag="952" ind1=" " ind2=" ">
    <subfield code="0">0</subfield>
    <subfield code="1">0</subfield>
    <subfield code="2">ddc</subfield>
    <subfield code="4">0</subfield>
    <subfield code="7">0</subfield>
    <subfield code="a">LV</subfield>
    <subfield code="b">LV</subfield>
    <subfield code="c">Monograf&#xED;as</subfield>
    <subfield code="d">2016-01-25</subfield>
    <subfield code="l">0</subfield>
    <subfield code="o">707 V831v</subfield>
    <subfield code="p">004092</subfield>
    <subfield code="r">2016-01-25 00:00:00</subfield>
    <subfield code="w">2016-01-25</subfield>
    <subfield code="y">01</subfield>
  </datafield>
</record>
